[Event "10. Open Club Ajedrez Villaverde"]
[Site "Madrid ESP"]
[Date "2009.03.31"]
[Round "6.8"]
[White "Alvarez Gonzalez, Eduardo"]
[Black "Lopez Heras, Arturo"]
[Result "1-0"]
[WhiteElo "1839"]
[BlackElo "1943"]
[PlyCount "97"]
[EventDate "2009.03.23"]
[EventType "swiss"]
[EventRounds "8"]
[EventCountry "ESP"]
[Source "lmi"]
[SourceDate "2009.03.23"]

1. d4 c5 2. d5 Nf6 3. Nc3 d6 4. e4 e6 5. Bd3 a6 6. a4 Be7 7. Nge2 Ng4 8. f4 Qb6
9. h3 c4 10. hxg4 cxd3 11. Qxd3 Nd7 12. Qe3 Nc5 13. a5 Qd8 14. g5 g6 15. Qd4
O-O 16. Bd2 Re8 17. Kf2 e5 18. Qe3 exf4 19. Qxf4 Bf8 20. b4 Nd7 21. Rxh7 Bg7
22. Rah1 Ne5 23. Qh4 Ng4+ 24. Ke1 Kf8 25. Rxg7 Kxg7 26. Nd4 Rh8 27. Qxh8+ Qxh8
28. Rxh8 Kxh8 29. Bf4 Bd7 30. Bxd6 Rc8 31. Bc5 Kg7 32. Kd2 Rh8 33. Nf3 Nh2 34.
Bd4+ Kg8 35. Bxh8 Nxf3+ 36. gxf3 Kxh8 37. e5 Kg7 38. Ne4 Kf8 39. Nd6 Bh3 40.
Nxb7 Ke7 41. Nc5 Bf1 42. Nd3 Bh3 43. Ke3 Bd7 44. Kd4 Ba4 45. c4 Bd1 46. f4 Bg4
47. Nc5 Bc8 48. Ne4 Bh3 49. Kc5 1-0

[Event "10. Open Club Ajedrez Villaverde"]
[Site "Madrid ESP"]
[Date "2009.03.31"]
[Round "6.9"]
[White "Martin Rodriguez, Emilio"]
[Black "Hernandez Del Can, Jose"]
[Result "1-0"]
[WhiteElo "2133"]
[BlackElo "1848"]
[PlyCount "29"]
[EventDate "2009.03.23"]
[EventType "swiss"]
[EventRounds "8"]
[EventCountry "ESP"]
[Source "lmi"]
[SourceDate "2009.03.23"]

1. d4 Nf6 2. c4 g6 3. Nc3 Bg7 4. e4 d6 5. f4 c5 6. d5 Nfd7 7. Nf3 O-O 8. Bd3
Nb6 9. O-O e6 10. h3 exd5 11. exd5 h5 12. f5 Bd4+ 13. Nxd4 cxd4 14. Nb5 a6 15.
fxg6 1-0

[Event "10. Open Club Ajedrez Villaverde"]
[Site "Madrid ESP"]
[Date "2009.03.31"]
[Round "6.10"]
[White "Sierra Soria, Maria"]
[Black "Garcia-Ruiz Fuentes, Marcos"]
[Result "1-0"]
[WhiteElo "1758"]
[BlackElo "1738"]
[PlyCount "98"]
[EventDate "2009.03.23"]
[EventType "swiss"]
[EventRounds "8"]
[EventCountry "ESP"]
[Source "lmi"]
[SourceDate "2009.03.23"]

1. c4 Nf6 2. Nf3 g6 3. g3 Bg7 4. Bg2 d6 5. O-O O-O 6. Nc3 e5 7. d3 Nbd7 8. a3
Ne8 9. Rb1 f5 10. Ng5 Nc5 11. Bd5+ Kh8 12. Nf7+ Rxf7 13. Bxf7 c6 14. Bxe8 Qxe8
15. Be3 Ne6 16. Qd2 Qf8 17. f4 d5 18. cxd5 cxd5 19. Nxd5 Qd6 20. Nc3 exf4 21.
Bxf4 Nxf4 22. Qxf4 Bd4+ 23. e3 Qxf4 24. gxf4 Bxe3+ 25. Kg2 b6 26. Rbe1 Bb7+ 27.
Kg3 Bd4 28. Re7 Ba6 29. Rd1 Kg8 30. Rd7 Bf6 31. Nd5 Bd8 32. Re1 Kf8 33. Rxh7
Bb5 34. Nc7 Kg8 35. Nxa8 Kxh7 36. Rc1 Bf6 37. b3 Bxd3 38. Rc7+ Kh6 39. Rxa7 Be4
40. Nxb6 Bd4 41. Nc8 Bxa7 42. Nxa7 g5 43. fxg5+ Kxg5 44. h4+ Kf6 45. Kf4 Kg6
46. Nb5 Bd3 47. Nd4 Be4 48. a4 Bd5 49. b4 Be4 1-0

[Event "10. Open Club Ajedrez Villaverde"]
[Site "Madrid ESP"]
[Date "2009.03.31"]
[Round "6.11"]
[White "Alarcon Miranda, Jorge"]
[Black "Cortijo Manso, Luis"]
[Result "1-0"]
[WhiteElo "2070"]
[BlackElo "1696"]
[PlyCount "39"]
[EventDate "2009.03.23"]
[EventType "swiss"]
[EventRounds "8"]
[EventCountry "ESP"]
[Source "lmi"]
[SourceDate "2009.03.23"]

1. d4 Nf6 2. Nf3 g6 3. Nc3 Bg7 4. e4 d6 5. Be2 a6 6. O-O O-O 7. h3 b6 8. Qd3
Bb7 9. Bg5 Nbd7 10. a4 a5 11. Qe3 Re8 12. e5 Nd5 13. Nxd5 Bxd5 14. c4 Bb7 15.
e6 Nf6 16. d5 c6 17. exf7+ Kxf7 18. Bh6 cxd5 19. Ng5+ Kg8 20. Qe6+ 1-0

[Event "10. Open Club Ajedrez Villaverde"]
[Site "Madrid ESP"]
[Date "2009.03.31"]
[Round "6.12"]
[White "Garcia Lopez, Fernando"]
[Black "Corral Aragon, Juan Maria"]
[Result "0-1"]
[WhiteElo "1695"]
[BlackElo "1821"]
[PlyCount "58"]
[EventDate "2009.03.23"]
[EventType "swiss"]
[EventRounds "8"]
[EventCountry "ESP"]
[Source "lmi"]
[SourceDate "2009.03.23"]

1. e4 c6 2. d4 d5 3. e5 Bf5 4. Nc3 e6 5. g4 Bg6 6. h4 h5 7. g5 Nd7 8. Nge2 c5
9. Be3 Qb6 10. Rb1 cxd4 11. Bxd4 Bc5 12. Bxc5 Qxc5 13. f4 Ne7 14. Nd4 O-O 15.
Ncb5 Nc6 16. Rc1 a6 17. Nc7 Nxd4 18. Nxa8 Nxc2+ 19. Rxc2 Bxc2 20. Qd2 Rxa8 21.
Be2 Be4 22. Rh3 Qg1+ 23. Bf1 Rc8 24. Qe3 Qxe3+ 25. Rxe3 Rc1+ 26. Kf2 Rc2+ 27.
Re2 Nc5 28. Rxc2 Bxc2 29. b4 Nd3+ 0-1

[Event "10. Open Club Ajedrez Villaverde"]
[Site "Madrid ESP"]
[Date "2009.03.31"]
[Round "6.16"]
[White "Vazquez Moreno, Luis"]
[Black "Martinez Miura, Enrique"]
[Result "0-1"]
[WhiteElo "1707"]
[BlackElo "1735"]
[PlyCount "30"]
[EventDate "2009.03.23"]
[EventType "swiss"]
[EventRounds "8"]
[EventCountry "ESP"]
[Source "lmi"]
[SourceDate "2009.03.23"]

1. e4 e6 2. d4 d5 3. Nc3 Nf6 4. e5 Nfd7 5. f4 c5 6. Nf3 cxd4 7. Nxd4 Nc6 8. Be3
Qb6 9. Bb5 Bc5 10. Bxc6 bxc6 11. Qd2 Bxd4 12. Bxd4 c5 13. Bf2 Qc6 14. O-O d4
15. Ne2 Bb7 0-1

[Event "10. Open Club Ajedrez Villaverde"]
[Site "Madrid ESP"]
[Date "2009.04.01"]
[Round "7.1"]
[White "Castano Vanegas, Henry Augusto"]
[Black "Vega Gomez, Francisco Borja"]
[Result "1-0"]
[WhiteElo "1974"]
[BlackElo "2231"]
[PlyCount "97"]
[EventDate "2009.03.23"]
[EventType "swiss"]
[EventRounds "8"]
[EventCountry "ESP"]
[Source "lmi"]
[SourceDate "2009.03.23"]

1. e4 d5 2. exd5 Qxd5 3. Nc3 Qa5 4. g3 Nf6 5. Bg2 Bg4 6. Nge2 Nc6 7. h3 Bh5 8.
b4 Bxe2 9. Qxe2 Qb6 10. O-O O-O-O 11. a3 Nd4 12. Qd1 e5 13. d3 Bd6 14. Be3 Rhe8
15. Na4 Qa6 16. c3 Nf5 17. Bg5 Be7 18. Nc5 Bxc5 19. bxc5 Rxd3 20. Qb1 e4 21. g4
Nh6 22. Re1 Nhg8 23. Bxf6 Nxf6 24. g5 Ng8 25. c6 f5 26. Bf1 Red8 27. Qxb7+ Qxb7
28. cxb7+ Kxb7 29. Bxd3 Rxd3 30. Rad1 Rxd1 31. Rxd1 Kc8 32. Rd5 Ne7 33. Re5 Kd7
34. Ra5 g6 35. Rxa7 Nc6 36. Ra8 Ne5 37. Rh8 Nf3+ 38. Kg2 Nxg5 39. h4 Nf3 40.
Rxh7+ Kc6 41. Kg3 Ne5 42. Rg7 Kb6 43. Re7 Nd3 44. Re6+ Kc5 45. Rxg6 f4+ 46. Kg2
f3+ 47. Kf1 Kd5 48. h5 Nf4 49. Rg4 1-0

[Event "10. Open Club Ajedrez Villaverde"]
[Site "Madrid ESP"]
[Date "2009.04.01"]
[Round "7.2"]
[White "Hinojar Diez, David"]
[Black "Camarero Izquierdo, Juan Carlos"]
[Result "1-0"]
[WhiteElo "2119"]
[BlackElo "1906"]
[PlyCount "69"]
[EventDate "2009.03.23"]
[EventType "swiss"]
[EventRounds "8"]
[EventCountry "ESP"]
[Source "lmi"]
[SourceDate "2009.03.23"]

1. e4 c5 2. Nf3 d6 3. d4 cxd4 4. Nxd4 Nf6 5. Nc3 a6 6. Be2 e6 7. O-O b5 8. a3
Bb7 9. Re1 Nbd7 10. Bd3 Be7 11. Re3 Ne5 12. h3 Rc8 13. Kh1 Ng6 14. Rg3 d5 15.
e5 Nxe5 16. Rxg7 Ng6 17. Bg5 Ne4 18. Bxe4 dxe4 19. Nxe6 Qxd1+ 20. Rxd1 fxe6 21.
Bxe7 Nxe7 22. Rd6 Rc6 23. Nxe4 Rxd6 24. Nxd6+ Kf8 25. Rf7+ Kg8 26. Rxe7 Bd5 27.
b3 Kf8 28. Rf7+ Kg8 29. c4 bxc4 30. b4 h6 31. Rc7 Rh7 32. Rc8+ Kg7 33. Nxc4 Kf6
34. Ne3 Bb7 35. Rc5 1-0

[Event "10. Open Club Ajedrez Villaverde"]
[Site "Madrid ESP"]
[Date "2009.04.01"]
[Round "7.3"]
[White "Alvarez Gonzalez, Eduardo"]
[Black "Vazquez Gonzalez, Jesus"]
[Result "1-0"]
[WhiteElo "1839"]
[BlackElo "2044"]
[PlyCount "85"]
[EventDate "2009.03.23"]
[EventType "swiss"]
[EventRounds "8"]
[EventCountry "ESP"]
[Source "lmi"]
[SourceDate "2009.03.23"]

1. d4 d5 2. Nf3 Nf6 3. c4 dxc4 4. Nc3 c6 5. a4 Qa5 6. Bd2 Be6 7. Ng5 Bg4 8. Qc2
Na6 9. Nce4 Qd5 10. e3 Nxe4 11. Nxe4 Be6 12. Be2 f5 13. Ng3 g6 14. O-O c5 15.
dxc5 Nxc5 16. Bc3 Rg8 17. Rfd1 Qc6 18. Bd4 Nb3 19. Qxb3 cxb3 20. Bb5 Bg7 21.
Ne2 Kf7 22. Bxc6 bxc6 23. Rac1 Rgc8 24. Rc5 Bd5 25. Bxg7 Kxg7 26. Nf4 Bf7 27.
Kf1 Rd8 28. Rxd8 Rxd8 29. Ke2 Rd6 30. Rc3 Kf6 31. Nd3 Bd5 32. f3 a5 33. Nc5 Rd8
34. e4 fxe4 35. fxe4 Bf7 36. Nb7 Rd4 37. Rxc6+ Ke5 38. Nc5 Rc4 39. Ke3 Rd4 40.
Nd3+ Rxd3+ 41. Kxd3 g5 42. Rc5+ Kf4 43. Rf5+ 1-0

[Event "10. Open Club Ajedrez Villaverde"]
[Site "Madrid ESP"]
[Date "2009.04.01"]
[Round "7.5"]
[White "Adedeji, Adekola"]
[Black "Abul, Qasem"]
[Result "1-0"]
[WhiteElo "2001"]
[BlackElo "2026"]
[PlyCount "62"]
[EventDate "2009.03.23"]
[EventType "swiss"]
[EventRounds "8"]
[EventCountry "ESP"]
[Source "lmi"]
[SourceDate "2009.03.23"]

1. e4 Nc6 2. d4 e5 3. Nf3 exd4 4. Nxd4 Qh4 5. Be3 Qxe4 6. Nd2 Qg6 7. h4 Nxd4 8.
Bxd4 d5 9. h5 Qe6+ 10. Qe2 Qxe2+ 11. Bxe2 c5 12. Be5 f6 13. Bf4 Bf5 14. O-O-O
O-O-O 15. Bf3 Be6 16. Rhe1 Bf7 17. Bg4+ Rd7 18. Bxd7+ Kxd7 19. g4 Ne7 20. h6 g5
21. Bg3 Bxh6 22. Ne4 Kc6 23. Nxc5 Ng6 24. Ne6 Rc8 25. Re3 Nf4 26. Bxf4 gxf4 27.
Rc3+ Kd7 28. Nc5+ Ke7 29. Re1+ Kd8 30. Nxb7+ Kd7 31. Rxc8 Kxc8 1-0

[Event "10. Open Club Ajedrez Villaverde"]
[Site "Madrid ESP"]
[Date "2009.04.01"]
[Round "7.6"]
[White "Alonso Aranzabal, Iñigo"]
[Black "Martin Rodriguez, Emilio"]
[Result "1-0"]
[WhiteElo "2082"]
[BlackElo "2133"]
[PlyCount "77"]
[EventDate "2009.03.23"]
[EventType "swiss"]
[EventRounds "8"]
[EventCountry "ESP"]
[Source "lmi"]
[SourceDate "2009.03.23"]

1. e4 c6 2. d4 d5 3. exd5 cxd5 4. c4 Nf6 5. Nc3 Nc6 6. Nf3 g6 7. cxd5 Nxd5 8.
Bc4 Nxc3 9. Qb3 Nd5 10. Bxd5 e6 11. Bxc6+ bxc6 12. O-O Qd5 13. Qc3 Bg7 14. Bf4
O-O 15. Rfe1 f6 16. b3 Bd7 17. Rac1 Rfc8 18. Qe3 g5 19. Bg3 a5 20. Rc5 g4 21.
Rxd5 cxd5 22. Nd2 Rc2 23. a4 Rac8 24. Nb1 Kf7 25. h3 gxh3 26. gxh3 Bf8 27. Kg2
Bb4 28. Rd1 Bf8 29. Rd3 Rc1 30. Nc3 Rc2 31. Nb5 R8c6 32. Rc3 R2xc3 33. Nxc3 Rb6
34. Nb5 Bxb5 35. axb5 Rxb5 36. Qd3 Rb4 37. Qxh7+ Bg7 38. Qh5+ Ke7 39. Qg6 1-0

[Event "10. Open Club Ajedrez Villaverde"]
[Site "Madrid ESP"]
[Date "2009.04.01"]
[Round "7.7"]
[White "Alcala Cuesta, Miguel"]
[Black "Sierra Soria, Maria"]
[Result "0-1"]
[WhiteElo "1815"]
[BlackElo "1758"]
[PlyCount "65"]
[EventDate "2009.03.23"]
[EventType "swiss"]
[EventRounds "8"]
[EventCountry "ESP"]
[Source "lmi"]
[SourceDate "2009.03.23"]

1. d4 d5 2. c4 dxc4 3. e3 e6 4. Bxc4 a6 5. Nf3 c5 6. O-O Nf6 7. Nc3 b5 8. Be2
Bb7 9. Qc2 cxd4 10. Rd1 Qc7 11. Nxd4 e5 12. Ne4 Nd5 13. Qb3 exd4 14. Rxd4 Be7
15. Bd2 O-O 16. Rc1 Qb6 17. Rxd5 Bxd5 18. Qxd5 Ra7 19. Bc3 Rd7 20. Qe5 f6 21.
Qh5 Qe6 22. Bf3 Kh8 23. Bd4 Qf7 24. Qh3 f5 25. Ng3 Bf6 26. Nxf5 Bxd4 27. Nxd4
Rc7 28. Rf1 Re7 29. Qh4 Nd7 30. Nc6 Ree8 31. Rd1 Nf6 32. e4 Qc4 33. e5 0-1

[Event "10. Open Club Ajedrez Villaverde"]
[Site "Madrid ESP"]
[Date "2009.04.01"]
[Round "7.8"]
[White "Lopez Heras, Arturo"]
[Black "Lozano Sanchez, Jose Antonio"]
[Result "1/2-1/2"]
[WhiteElo "1943"]
[BlackElo "1958"]
[PlyCount "101"]
[EventDate "2009.03.23"]
[EventType "swiss"]
[EventRounds "8"]
[EventCountry "ESP"]
[Source "lmi"]
[SourceDate "2009.03.23"]

1. e4 e5 2. Nf3 Nc6 3. Bc4 Bc5 4. b4 Bxb4 5. c3 Bc5 6. O-O d6 7. d4 Bb6 8. dxe5
dxe5 9. Qxd8+ Nxd8 10. Nxe5 Be6 11. Nd2 f6 12. Nd3 Ne7 13. Ba3 Kf7 14. Nf4 Bxc4
15. Nxc4 Ne6 16. Nd5 Nxd5 17. exd5 Nf4 18. Rfe1 Nxd5 19. Rad1 Rhe8 20. Rxe8
Rxe8 21. Kf1 Nxc3 22. Rd7+ Kg6 23. Bb2 Ne4 24. f4 Nc5 25. f5+ Kxf5 26. Rxg7 Nd3
27. Bc3 h5 28. Nxb6 cxb6 29. Rxb7 Rc8 30. Bd4 Rc4 31. Rd7 Ra4 32. Bxb6 axb6 33.
Rxd3 Rxa2 34. Rb3 Ra6 35. Rb5+ Kg4 36. h3+ Kg3 37. Rb3+ Kf4 38. g3+ Kf5 39. Kf2
Kg5 40. Kf3 f5 41. h4+ Kg6 42. Kf4 Ra4+ 43. Ke3 Ra6 44. Kd4 Kf6 45. Kc4 Ke5 46.
Re3+ Kf6 47. Kb5 Ra1 48. Kxb6 Rf1 49. Kc5 f4 50. gxf4 Rxf4 51. Rh3 1/2-1/2

[Event "10. Open Club Ajedrez Villaverde"]
[Site "Madrid ESP"]
[Date "2009.04.01"]
[Round "7.9"]
[White "Corral Aragon, Juan Maria"]
[Black "Alarcon Miranda, Jorge"]
[Result "0-1"]
[WhiteElo "1821"]
[BlackElo "2070"]
[PlyCount "58"]
[EventDate "2009.03.23"]
[EventType "swiss"]
[EventRounds "8"]
[EventCountry "ESP"]
[Source "lmi"]
[SourceDate "2009.03.23"]

1. e4 c5 2. Nf3 d6 3. d4 cxd4 4. Nxd4 Nf6 5. Nc3 a6 6. Bg5 e6 7. f4 Qb6 8. Nb3
Nc6 9. Qf3 Be7 10. O-O-O Bd7 11. g4 Qc7 12. Bxf6 gxf6 13. h4 b5 14. e5 d5 15.
exf6 Bxf6 16. Kb1 b4 17. Nxd5 exd5 18. Rxd5 O-O 19. Bd3 Bg7 20. Rh5 f5 21. Qd5+
Kh8 22. gxf5 Bf6 23. Nc5 Rad8 24. Nxa6 Qxf4 25. Rg1 Be8 26. Qe6 Bxh5 27. Rg8+
Rxg8 28. Qxf6+ Rg7 29. b3 Qd6 0-1

[Event "10. Open Club Ajedrez Villaverde"]
[Site "Madrid ESP"]
[Date "2009.04.01"]
[Round "7.11"]
[White "Gutierrez Garcia, Alberto"]
[Black "Adeyemi, Adedeji"]
[Result "0-1"]
[WhiteElo "1738"]
[BlackElo "1909"]
[PlyCount "70"]
[EventDate "2009.03.23"]
[EventType "swiss"]
[EventRounds "8"]
[EventCountry "ESP"]
[Source "lmi"]
[SourceDate "2009.03.23"]

1. e4 e5 2. Nf3 Nf6 3. Nc3 Bb4 4. Bc4 Bxc3 5. dxc3 O-O 6. Bg5 d6 7. Qd2 Nxe4 8.
Qe3 Nxg5 9. Nxg5 h6 10. Nf3 Be6 11. Bd3 f5 12. Nd2 Nc6 13. O-O-O a5 14. Kb1 Qf6
15. h4 a4 16. a3 d5 17. f4 e4 18. Be2 d4 19. cxd4 Nxd4 20. Bc4 Rfd8 21. g4 Bxc4
22. Nxc4 c5 23. g5 Qa6 24. Ne5 Qe2 25. Qc3 Nf3 26. Rxd8+ Rxd8 27. gxh6 Rd1+ 28.
Rxd1 Qxd1+ 29. Ka2 Qd5+ 30. Nc4 gxh6 31. Kb1 Qxc4 32. Qf6 Qf7 33. Qd6 Qg7 34.
Qxc5 Qg1+ 35. Ka2 Qxc5 0-1

[Event "10. Open Club Ajedrez Villaverde"]
[Site "Madrid ESP"]
[Date "2009.04.01"]
[Round "7.13"]
[White "Martinez Miura, Enrique"]
[Black "Garcia-Ruiz Fuentes, Marcos"]
[Result "0-1"]
[WhiteElo "1735"]
[BlackElo "1738"]
[PlyCount "115"]
[EventDate "2009.03.23"]
[EventType "swiss"]
[EventRounds "8"]
[EventCountry "ESP"]
[Source "lmi"]
[SourceDate "2009.03.23"]

1. e4 c5 2. c4 d6 3. Nc3 g6 4. g3 Bg7 5. Bg2 Nc6 6. Nge2 e6 7. O-O Nge7 8. d3
O-O 9. Rb1 f5 10. f4 a6 11. Be3 b6 12. a3 Bb7 13. b4 Qd7 14. Qb3 Rab8 15. Bf2
Nd4 16. Nxd4 cxd4 17. Ne2 e5 18. c5+ Kh8 19. cxb6 Bc6 20. Qa2 Qb7 21. a4 Qxb6
22. Nc3 Qb7 23. Nd5 Nxd5 24. exd5 Be8 25. Rfc1 Qe7 26. fxe5 dxe5 27. Rc4 Bf7
28. Rc6 Rfd8 29. Rxa6 Rxb4 30. Rc1 Be8 31. Qa3 Qb7 32. Re6 Bd7 33. d6 Qb8 34.
Re7 Bf8 35. Qa2 Bxe7 36. dxe7 Re8 37. Qf7 Qd6 38. Be1 Rbb8 39. a5 Qxe7 40. Qa2
Rec8 41. Ra1 Be6 42. Bd5 Bxd5 43. Qxd5 Rc5 44. Qa2 Qb7 45. a6 Qa7 46. Qe6 Rb6
47. Qe8+ Kg7 48. Bd2 Rb8 49. Qe6 Rcb5 50. Bg5 R8b6 51. Qe8 h6 52. Be7 Rb8 53.
Qc6 Qxe7 54. a7 Rb1+ 55. Kg2 R8b2+ 56. Kh3 Rxa1 57. a8=Q Rxa8 58. Qxa8 0-1

[Event "10. Open Club Ajedrez Villaverde"]
[Site "Madrid ESP"]
[Date "2009.04.01"]
[Round "7.15"]
[White "Garcia Lopez, Fernando"]
[Black "Chincoa Morilla, Pedro"]
[Result "1-0"]
[WhiteElo "1695"]
[BlackElo "1724"]
[PlyCount "71"]
[EventDate "2009.03.23"]
[EventType "swiss"]
[EventRounds "8"]
[EventCountry "ESP"]
[Source "lmi"]
[SourceDate "2009.03.23"]

1. e4 d5 2. exd5 Qxd5 3. Nc3 Qd6 4. d4 Nf6 5. Nf3 a6 6. Bc4 b5 7. Bb3 e6 8. O-O
Bb7 9. Ng5 h6 10. Nh3 Nbd7 11. Re1 Be7 12. Nf4 O-O 13. Nxe6 Rfe8 14. Bf4 Qc6
15. d5 Qb6 16. Nxc7 Bc5 17. Qd2 Ng4 18. Rxe8+ Rxe8 19. Kf1 Rc8 20. d6 Bxf2 21.
N7d5 Be3 22. Nxe3 Nxe3+ 23. Bxe3 Qd8 24. Qf2 Nf6 25. h3 Qd7 26. Rd1 Re8 27.
Bxh6 Qc6 28. Bg5 Rc8 29. Bxf6 gxf6 30. d7 Rd8 31. Bd5 Qc7 32. Bxb7 Qxb7 33.
Qg3+ Kf8 34. Qd6+ Kg7 35. Qe7 Qc7 36. Ne4 1-0

[Event "10. Open Club Ajedrez Villaverde"]
[Site "Madrid ESP"]
[Date "2009.04.01"]
[Round "7.17"]
[White "Ananian, Arman"]
[Black "Zuazua Conde, Ivan Javier"]
[Result "1-0"]
[WhiteElo "1702"]
[BlackElo "1421"]
[PlyCount "133"]
[EventDate "2009.03.23"]
[EventType "swiss"]
[EventRounds "8"]
[EventCountry "ESP"]
[Source "lmi"]
[SourceDate "2009.03.23"]

1. e4 e5 2. Nf3 Nf6 3. d3 Nc6 4. Bg5 d6 5. Be2 Be7 6. Nc3 Be6 7. O-O Qd7 8. d4
exd4 9. Nxd4 Nxd4 10. Qxd4 O-O 11. f4 Qd8 12. e5 dxe5 13. Qxd8 Bc5+ 14. Kh1
Raxd8 15. fxe5 h6 16. Bxh6 Ng4 17. Bxg4 Bxg4 18. Bf4 Rfe8 19. e6 Rxe6 20. Bxc7
Rde8 21. Bg3 a6 22. Rf4 Rg6 23. Raf1 Be6 24. Re4 Rg4 25. Rxg4 Bxg4 26. Rf4 Be6
27. b3 Bd6 28. Re4 Bxg3 29. hxg3 Rc8 30. Re3 Bg4 31. Nd5 Kf8 32. c4 Be6 33. Nf4
Bf5 34. Nd5 Be6 35. Re5 Bxd5 36. Rxd5 Ke7 37. Kg1 Ke6 38. Kf2 Rc6 39. Ke3 f6
40. Kd4 g5 41. g4 Rb6 42. Kc3 Rc6 43. b4 b5 44. Rc5 Kd6 45. Rxc6+ Kxc6 46.
cxb5+ axb5 47. Kd4 Kd6 48. a3 Kc6 49. Ke4 Kd6 50. Kd4 Kc6 51. Ke4 Kd6 52. Kf5
Ke7 53. Ke4 Kd6 54. Kd4 Kc6 55. Kc3 Kd5 56. Kb3 Ke4 57. a4 bxa4+ 58. Kxa4 f5
59. gxf5 Kxf5 60. b5 Kg4 61. b6 Kg3 62. b7 Kxg2 63. b8=Q Kh3 64. Qb1 g4 65. Qg1
g3 66. Kb3 g2 67. Kc3 1-0

[Event "10. Open Club Ajedrez Villaverde"]
[Site "Madrid ESP"]
[Date "2009.04.02"]
[Round "8.1"]
[White "Castano Vanegas, Henry Augusto"]
[Black "Alvarez Gonzalez, Eduardo"]
[Result "1-0"]
[WhiteElo "1974"]
[BlackElo "1839"]
[PlyCount "63"]
[EventDate "2009.03.23"]
[EventType "swiss"]
[EventRounds "8"]
[EventCountry "ESP"]
[Source "lmi"]
[SourceDate "2009.03.23"]

1. e4 c6 2. d4 d5 3. f3 e6 4. Nc3 Bb4 5. Bd2 dxe4 6. Nxe4 Be7 7. c3 Nf6 8. Qc2
Nbd7 9. O-O-O c5 10. Nxf6+ Bxf6 11. dxc5 O-O 12. Bd3 h6 13. Be3 Qc7 14. g4 Nxc5
15. Bh7+ Kh8 16. h4 Qe5 17. Re1 Bd7 18. f4 Qd5 19. Bxc5 Qxc5 20. g5 g6 21. gxf6
Kxh7 22. Nf3 Bc6 23. Ng5+ Kg8 24. Nxe6 Qd5 25. Rhg1 Kh8 26. Rxg6 fxg6 27. Qxg6
Rf7 28. Qxf7 Rg8 29. Qh5 Qd3 30. Qxh6+ Qh7 31. Qxh7+ Kxh7 32. f7 1-0

[Event "10. Open Club Ajedrez Villaverde"]
[Site "Madrid ESP"]
[Date "2009.04.02"]
[Round "8.2"]
[White "Sierra Soria, Maria"]
[Black "Hinojar Diez, David"]
[Result "0-1"]
[WhiteElo "1758"]
[BlackElo "2119"]
[PlyCount "58"]
[EventDate "2009.03.23"]
[EventType "swiss"]
[EventRounds "8"]
[EventCountry "ESP"]
[Source "lmi"]
[SourceDate "2009.03.23"]

1. c4 Nf6 2. Nf3 e6 3. Nc3 d5 4. cxd5 exd5 5. d4 c6 6. Bg5 Be7 7. h3 O-O 8. e3
Ne4 9. Nxe4 dxe4 10. Bxe7 Qxe7 11. Nd2 Nd7 12. Be2 Nf6 13. O-O Re8 14. Re1 Nd5
15. a3 Qg5 16. Kh1 Re6 17. Qc2 f5 18. Nf1 Rg6 19. Ng3 Nxe3 20. Qb3+ Nd5 21. Bf1
b6 22. Rac1 Bb7 23. Rcd1 Kh8 24. Qc2 Re8 25. Qd2 e3 26. Qe2 f4 27. Qf3 fxg3 28.
fxg3 Rf6 29. Qe2 Ref8 0-1

[Event "10. Open Club Ajedrez Villaverde"]
[Site "Madrid ESP"]
[Date "2009.04.02"]
[Round "8.3"]
[White "Vega Gomez, Francisco Borja"]
[Black "Vukotic Jovsic, Dragan"]
[Result "1-0"]
[WhiteElo "2231"]
[BlackElo "1995"]
[PlyCount "74"]
[EventDate "2009.03.23"]
[EventType "swiss"]
[EventRounds "8"]
[EventCountry "ESP"]
[Source "lmi"]
[SourceDate "2009.03.23"]

1. d4 Nf6 2. Nf3 e6 3. g3 b5 4. Bg2 Bb7 5. O-O Be7 6. Nbd2 c5 7. c3 O-O 8. Re1
cxd4 9. cxd4 Ne4 10. Nb3 Qb6 11. Be3 Bd5 12. Ne5 d6 13. Nd3 Nf6 14. f3 Nc6 15.
Ndc1 e5 16. Bf2 e4 17. fxe4 Bxb3 18. Nxb3 Ng4 19. e3 Nxf2 20. Kxf2 a5 21. Nc1
Rac8 22. Ne2 Nb4 23. Nc3 f5 24. Kg1 fxe4 25. Bxe4 Bg5 26. a3 Nc6 27. Qb3+ Kh8
28. Qxb5 Bxe3+ 29. Rxe3 Qxd4 30. Qd3 Qb6 31. Na4 Qa7 32. Bxc6 Rxc6 33. Rf1 Re8
34. Kg2 Rc2+ 35. Qxc2 Qxe3 36. Qf2 Qe4+ 37. Qf3 Qe7 1-0

[Event "10. Open Club Ajedrez Villaverde"]
[Site "Madrid ESP"]
[Date "2009.04.02"]
[Round "8.4"]
[White "Suarez Triguero, Jose Alfonso"]
[Black "Adedeji, Adekola"]
[Result "1-0"]
[WhiteElo "2115"]
[BlackElo "2001"]
[PlyCount "79"]
[EventDate "2009.03.23"]
[EventType "swiss"]
[EventRounds "8"]
[EventCountry "ESP"]
[Source "lmi"]
[SourceDate "2009.03.23"]

1. e4 e5 2. Bc4 Be7 3. Qh5 Nh6 4. d3 O-O 5. Bxh6 gxh6 6. Nf3 d6 7. Qxh6 Bf6 8.
h4 Bg7 9. Qh5 Qf6 10. Nc3 c6 11. Qg5 h6 12. Qxf6 Bxf6 13. g4 Bxg4 14. Rg1 h5
15. Nh2 Kh7 16. Nxg4 hxg4 17. Rxg4 a5 18. a4 Nd7 19. Ke2 Nc5 20. Rag1 Rae8 21.
Bb3 Ne6 22. Bxe6 Rxe6 23. Nd1 d5 24. Ne3 dxe4 25. dxe4 Bh8 26. Rd1 Bf6 27. Nf5
Rg8 28. Rxg8 Kxg8 29. Rd6 Rxd6 30. Nxd6 b6 31. h5 Kf8 32. Nf5 Ke8 33. Kf3 Kd7
34. Kg4 Kc7 35. h6 b5 36. Ng7 Kd7 37. Kf5 Ke7 38. b3 b4 39. f3 c5 40. Nh5 1-0

[Event "10. Open Club Ajedrez Villaverde"]
[Site "Madrid ESP"]
[Date "2009.04.02"]
[Round "8.5"]
[White "Vazquez Gonzalez, Jesus"]
[Black "Alonso Aranzabal, Iñigo"]
[Result "0-1"]
[WhiteElo "2044"]
[BlackElo "2082"]
[PlyCount "106"]
[EventDate "2009.03.23"]
[EventType "swiss"]
[EventRounds "8"]
[EventCountry "ESP"]
[Source "lmi"]
[SourceDate "2009.03.23"]

1. e4 e5 2. Nf3 Nc6 3. d4 exd4 4. Nxd4 Bc5 5. Be3 Qf6 6. Nb5 Bxe3 7. fxe3 Qh4+
8. g3 Qd8 9. Qg4 g6 10. Qf4 d6 11. Bc4 Ne5 12. O-O Qe7 13. N1a3 a6 14. Nd4 h5
15. Nf3 Nxc4 16. Nxc4 Be6 17. Na5 O-O-O 18. h4 Nh6 19. c4 Ng4 20. b4 Bd7 21. a4
Rde8 22. Nd2 f5 23. c5 dxc5 24. bxc5 Qxc5 25. Nac4 Bc6 26. Rfc1 fxe4 27. Nb3
Qe7 28. Qf1 Rhf8 29. Qe1 Qf6 30. Ra2 Rd8 31. Nca5 Rd6 32. Rac2 Ne5 33. Qe2 Nd3
34. Nxb7 Bxb7 35. Rxc7+ Kb8 36. R1c2 Rc6 37. Rxb7+ Kxb7 38. Na5+ Ka8 39. Nxc6
Qa1+ 40. Kg2 Rf2+ 41. Qxf2 Nxf2 42. Rxf2 Kb7 43. Nd4 Qxa4 44. Rf7+ Kb6 45. Rf6+
Kc5 46. Rxg6 Qa2+ 47. Kh3 Qf2 48. Rg5+ Kc4 49. Rxh5 Qxe3 50. Nf5 Qf3 51. Nd6+
Kb4 52. Rd5 e3 53. Rd3 Qf1+ 0-1

[Event "10. Open Club Ajedrez Villaverde"]
[Site "Madrid ESP"]
[Date "2009.04.02"]
[Round "8.6"]
[White "Alarcon Miranda, Jorge"]
[Black "Camarero Izquierdo, Juan Carlos"]
[Result "1-0"]
[WhiteElo "2070"]
[BlackElo "1906"]
[PlyCount "91"]
[EventDate "2009.03.23"]
[EventType "swiss"]
[EventRounds "8"]
[EventCountry "ESP"]
[Source "lmi"]
[SourceDate "2009.03.23"]

1. d4 Nf6 2. Nf3 g6 3. Nc3 Bg7 4. e4 d6 5. Be2 Bg4 6. Be3 Nbd7 7. h3 Bxf3 8.
Bxf3 e5 9. d5 O-O 10. Qd2 a5 11. O-O-O a4 12. a3 Ra5 13. g4 Nc5 14. Bh6 b5 15.
h4 Qb8 16. Bxg7 Kxg7 17. Na2 Qb6 18. Rde1 Na6 19. h5 b4 20. axb4 Rb5 21. c4
Nxb4 22. cxb5 Nxa2+ 23. Kb1 Qxb5 24. Be2 Qb3 25. Bd1 Qc4 26. Qc2 Qxc2+ 27. Bxc2
Nb4 28. h6+ Kg8 29. f3 Ra8 30. Re3 Nd7 31. Ra3 Nc5 32. Rc1 Kf8 33. Bd1 Ke7 34.
Rc4 Rb8 35. Bxa4 Kf6 36. Bc2 Rb7 37. Ra8 Kg5 38. Rf8 c6 39. Rxb4 Rxb4 40. dxc6
Ne6 41. Rxf7 Kxh6 42. c7 Rc4 43. Bb3 Rxc7 44. Bxe6 Rc6 45. Bd5 Rb6 46. Kc2 1-0